Doctor Who - Episodes S2 - Statistiques

Statistiques générales
  • Ce quiz a été pris 35 fois
  • Le résultat moyen est 11 sur 14
Statistiques - réponses
Episodes Titres % Correct
13 Adieu Rose
93%
Episode spécial Noël L'Invasion de Noël
93%
8 La Planète du Diable - 1ère partie
81%
9 La Planète du Diable - 2ème partie
81%
10 L.I.N.D.A.
81%
11 Londres 2012
81%
1 Une nouvelle Terre
81%
3 L'Ecole des retrouvailles
78%
2 Un loup-garou royal
78%
4 La cheminée du temps
74%
5 Le Règne des Cybermen - 1ère partie
67%
6 Le Règne des Cybermen - 2ème partie
67%
7 L'Hystérique de l'étrange lucarne
67%
12 L'Armée des Ombres
56%
Aucun quiz correspondant
Distribution des résultats
% des personnes avec chaque résultat
Percentile par nombre de réponses
Votre historique - résultats
Vous n’avez pas pris ce quiz